000 00519nam a22001937a 4500
003 OSt
005 20160105150055.0
008 130306t xxu||||| |||| 00| 0 eng d
020 _a014303622X
050 _aQP 401
_b.D155 2005
082 _aIB 153.43
_bD18 2005
100 _aDamasio, Antonio
245 _aDescartes' error :
_bemotion, reason, and the human brain
_c Antonio Damasio
260 _aLondon
_bPenguin
_c2005
300 _a312 p.
_b ill.
_c24 cm.
562 _e1
942 _2lcc
_cBK
999 _c1987
_d1987